000 01354namaa22003131i 4500
005 20260302101758.0
008 260128s1996 ua a|||frm||| 000 0 eng d
040 _aEG-GICUC
_beng
_cEG-GICUC
_dEG-GICUC
_erda
041 0 _aeng
_beng
_bara
049 _aDeposit
097 _aM.Sc
099 _aCai01.07.23.M.Sc.1996.Mo.D
100 0 _aMohamed Mouisa Mohamed Hussein,
_epreparation.
245 1 4 _aThe Direct effect of some mutagens on Dodonaea viscosa L. /
_cBy Mohamed Mouisa Mohamed Hussein ; Supervised ; Prof. Dr. Abou-Dahab Mohamed Abou-Dahab, Prof. Dr. Mohamed Abdel- Meguid Badawy.
246 1 5 _aالتاثير المباشر لبعض المطفرات علي نبات الديدونيا
264 0 _c1996.
300 _a83 Leaves
_billustrations
_c30 cm. +
336 _2rda content
_atext
337 _2rdamedia
_aUnmediated
338 _2rdacarrier
_avolume
502 _aThesis (M.Sc.)-Cairo University, 1996.
504 _aBibliography: pages 71-83
653 0 _aDodonaea viscosa L.
700 0 _aAbou-Dahab Mohamed Abou-Dahab
_ethesis advisor.
700 0 _aMohamed Abdel - Meguid Badawy
_ethesis advisor.
900 _DDepartment of Ornamental Horticulture
_FFaculty of Agriculture
_UCairo University
_b1996
_cAbou-Dahab Mohamed Abou-Dahab
_cMohamed Abdel - Meguid Badawy
905 _aNehad
_eNourhan
942 _2ddc
_cTH
_e21
_n0
999 _c178092